Normal view
MARC view
- الأهداف الإنمائية للألفية - الأزمة المالية العالمية، 2008-2009
Entry Topical Term
001 - CONTROL NUMBER
- control field: 33923
003 - CONTROL NUMBER IDENTIFIER
- control field: JO-AjAnu
005 - DATE AND TIME OF LATEST TRANSACTION
- control field: 20230606075703.0
008 - FIXED-LENGTH DATA ELEMENTS
- fixed length control field: 230606|| aca||aabn | a|a d
040 ## - CATALOGING SOURCE
- Original cataloging agency: JO-AjAnu
- Transcribing agency: JO-AjAnu
150 ## - HEADING--TOPICAL TERM
- Topical term or geographic name entry element: الأهداف الإنمائية للألفية - الأزمة المالية العالمية، 2008-2009
670 ## - SOURCE DATA FOUND
- Source citation: Work cat.: (JO-AjAnu)17423: اعداد: احمد، فايز عبدالهادي, author 33922, الازمة المالية العالمية واثرها على الاهداف الانمائية للالفية